000
00262nam a22001217a 4500
008
170516b xxu||||| |||| 00| 0 eng d
041
_a
eng
080
_a
94(100)
100
_a
16
101
_a
SHH
245
_a
THE PROUD TOWER
_c
TUCHMAN.W
942
_2
udc
_c
BK
999
_c
13425
_d
13425